000 00661nam a2200217 4500
001 139431
003 ES-MaACL
005 20250717063032.0
007 t|
008 070214s1973 sp r ||||1| spa d
100 1 _aSastre, Alfonso,
_d1926-
_9103915
245 1 3 _aEl escenario diabólico
_b: ; El cuervo ; Ejercicios de terror ; Las cintas magnéticas /
_cAlfonso Sastre.
250 _a1ª. ed.
260 _aBarcelona :
_bSaturno,
_c1973.
300 _a213 p. ;
_c20 cm.
740 0 _aEl cuervo.
740 0 _aEjercicios de terror.
740 0 _aLas cintas magnéticas.
852 _aES-MaACL
_jC-54090
_bR.87019
999 _c139431
_d139431